00298nam a2200121Ia 4500008004100000100002100041245003000062260003900092300000900131650001400140942000700154999001500161190216s9999||||xx |||||||||||||| ||und|| aRobert Lekechman 0aHistory Of Economic Ideas bUniversal Bookstall Newdelhic1967 a427p aEconomics cBK c9192d9192